| 000 | 00771nam a2200217 a 4500 | ||
|---|---|---|---|
| 001 | 000022248 | ||
| 005 | 20200930011641.0 | ||
| 008 | 100920s2005 ag r 000 p spa d | ||
| 020 | _a9874396341 | ||
| 040 |
_aDO-SdBNP _bspa _cBNPHU |
||
| 082 |
_aA861.5 _bR763p |
||
| 100 | 1 |
_aRomero Sosa, Carlos María _946005 |
|
| 245 | 1 | 0 |
_aPueyrredón y las Heras y adyacencias : _ben tono menor / _cCarlos María Romero Sosa ; prólogo de Hipólito Paz. |
| 260 |
_aBuenos Aires : _bAteneo Popular de la Boca, _c2005. |
||
| 300 |
_a81, [4] p. ; _c20 cm. |
||
| 590 | _aLa biblioteca posee un ejemplar autografiado por el autor. | ||
| 650 | 4 |
_aPoesía argentina _93859 |
|
| 650 | 4 |
_aLiteratura argentina _ySIGLO XXI _93753 |
|
| 700 | 1 |
_aPaz, Hipólito _epról. _946006 |
|
| 049 | _aBNGR | ||
| 999 |
_c21746 _d21746 |
||